Ricostruisci la Carriera del Calciatore - Fodé Ballo-Touré - Statistics

Statistiche generali
  • Questo quiz è stato fatto 14 volte
  • Il punteggio medio è 2 su 5
Statistiche sulle risposte
Hint Risposta % Corretto
2015-2017 Paris Saint-Germain 2
63%
2017-2019 Lilla
50%
2021-2023 Milan
50%
2019-2021 Monaco
50%
2023- Fulham
25%
Nessun quiz corrispondente trovato
Distribuzione punteggi
Percentuale di utenti per punteggio
Percentile per numero di risposta
I tuoi punteggi nel tempo
Non hai fatto questo quiz